Statistics for Clue to country

Click here to take the quiz!

General Stats

  • This quiz has been taken 47 times
    (41 since last reset)
  • The average score is 9 of 13

Answer Stats

HintAnswer% Correct
Maple leaf on the flagCanada
100%
Biggest CountryRussia
100%
Country that has Mt. EverestNepal
95%
Toyko Is the CapitalJapan
89%
Strongest MillitaryUnited States
89%
Smallest countryVatican City
89%
Won the 2023 World CupArgentina
73%
Republic of DominicaDominican Republic
70%
Newest CountrySouth Sudan
59%
Had the largest empireMongolia
49%
Oldest countryIran
24%
Country that changed their flag 27 timesAfghanistan
19%
United States Canada MexicoPanama
11%

Score Distribution

Percentile by Number Answered

Percent of People with Each Score

Your Score History

You have not taken this quiz since the last reset